000 01700nam a22002177a 4500
001 5759
003 FISKH
005 20250120163932.0
008 250120b cb ||||| |||| 00| 0 eng d
020 _a9781316631010
040 _aFISKH
_beng
_cFISKH
_dFISKH
082 _a507.6
100 _aJones, Mary
245 _aCambridge IGCSE® combined and Co-ordinated sciences coursebook with CD-Rom /
_cBy Mary Jones, Richard Harwood , Ian Lodge and David Sang
260 _aCambridge :
_bCambridge University Press ;
_c2017 .
300 _a665 pages :
_bcolor illustrations ;
_c28 cm .
520 _aThe Cambridge IGCSE® Combined and Co-ordinated Sciences series is tailored to the 0653 and 0654 syllabuses for first examination in 2019, and all components of the series are endorsed by Cambridge International Examinations. Cambridge IGCSE® Combined and Co-ordinated Sciences Coursebook is tailored to the 0653 and 0654 syllabuses for first examination in 2019 and is endorsed for full syllabus coverage by Cambridge International Examinations. This interdisciplinary coursebook comprehensively covers the knowledge and skills required in these courses, with the different syllabuses clearly identified. Engaging activities in every chapter help students develop practical and investigative skills while end-of-chapter questions help to track their progress. The accompanying CD-ROM contains self-assessment checklists for making drawings, constructing and completing results tables, drawing graphs and designing experiments; answers to all the end-of-chapter questions and auto-marked multiple-choice self tests.
700 _aHarwood, Richard
_eauthor
942 _2ddc
_cBK
_n0
999 _c5759
_d5759